Vlk Cero

Bibliographic Details
Main Author: Tarasov, J. (Author)
Other Authors: Klenková, V. (Translator), Baláž, J. (gup)
Format: Article
Language:Slovak
Subjects:

MARC

LEADER 00000nab a2200000 a 4500
001 vtls000074691
003 SK-MaSNL
005 20260303175813.0
008 150430c1980 xo 0 slo
015 |a SNBRB19rr/mm-uuuuu 
035 |a CL0084792 
040 |a SNKBUCL  |b slo  |c SNKBUCL  |e AACR2 
041 0 |a slo 
044 |a xo  |c SK 
080 |a 882-7  |2 1981 
100 1 |a Tarasov, J.  |4 aut  |9 1204848 
245 1 0 |a Vlk Cero  |c J. Tarasov ; V. Klenková, J. Baláž 
650 0 7 |a humoristické poviedky  |2 snkbucl  |9 74226 
650 0 7 |a sovietska literatúra  |2 snkbucl  |9 22300 
655 7 |a články z novín a časopisov  |2 snkbucl  |9 267496 
655 7 |a články z odboru literárna veda a krásna literatúra  |2 snkbucl  |9 770045 
700 1 |a Klenková, V.  |4 trl  |9 1003144 
700 1 |a Baláž, J.  |4 gup  |9 359015 
773 0 |t Život  |g Roč. 30, č. 52 (1980), s. 43 
850 |a Slovenská národná knižnica v Martine  |a MTA001 
852 |a SNK  |b KIS3GCP 
958 |a RK 
958 |a LX 
958 |a SK 
992 |a RBX 
999 |c 2103439  |d 2105369